Alola, Galar or Hisui? - Statistics

General Stats
  • This quiz has been taken 73 times
  • The average score is 14 of 15
Answer Stats
Question Answer % Correct
Rattata. Which regional form does it have? Alola
100%
Raticate. Which regional form does it have? Alola
100%
Sandshrew. Which regional form does it have? Alola
100%
Ninetales. Which regional form does it have? Alola
100%
Diglett. Which regional form does it have? Alola
100%
Dugtrio. Which regional form does it have? Alola
100%
Persian. Which regional form does it have? Alola
100%
Golem. Which regional form does it have? Alola
100%
Muk. Which regional form does it have? Alola
100%
Exeggutor. Which regional form does it have? Alola
100%
Marowak. Which regional form does it have? Alola
100%
Stunfisk. Which regional form does it have? Galar
100%
Weezing. Which regional form does it have? Galar
100%
Articuno. Which regional form does it have? Galar
100%
Moltres. Which regional form does it have? Galar
100%
Slowking. Which regional form does it have? Galar
100%
Linoone. Which regional form does it have? Galar
100%
Jigglypuff. Which regional form does it have? Doesn't have
96%
Growlithe. Which regional form does it have? Hisui
96%
Arcanine. Which regional form does it have? Hisui
96%
Sneasel. Which regional form does it have? Hisui
96%
Raichu. Which regional form does it have? Alola
95%
Farfetch'd. Which regional form does it have? Galar
95%
Zapdos.Which regional form does it have? Galar
95%
Zigzagoon. Which regional form does it have? Galar
95%
Darumaka. Which regional form does it have? Galar
95%
Yamask. Which regional form does it have? Galar
95%
Typhlosion. Which regional form does it have? Hisui
95%
Zoroark. Which regional form does it have? Hisui
95%
Goodra. Which regional form does it have? Hisui
95%
Sandslash. Which regional form does it have? Alola
94%
Quaquaval. Which regional form does it have? Doesn't have
94%
Slowpoke. Which regional form does it have? Galar
94%
Darmanitan. Which regional form does it have? Galar
94%
Vulpix. Which regional form does it have? Alola
93%
Qwilfish. Which regional form does it have? Hisui
93%
Braviary. Which regional form does it have? Hisui
93%
Graveler. Which regional form does it have? Alola
92%
Grimer. Which regional form does it have? Alola
92%
Decidueye. Which regional form does it have? Hisui
92%
Mr. Mime. Which regional form does it have? Galar
89%
Slowbro. Which regional form does it have? Galar
88%
Lilligant. Which regional form does it have? Hisui
88%
Zorua. Which regional form does it have? Hisui
88%
Ponyta. Which regional form does it have? Galar
86%
Rapidash. Which regional form does it have? Galar
86%
Samurott. Which regional form does it have? Hisui
86%
Avalugg. Which regional form does it have? Hisui
86%
Tauros. Which regional form does it have? Paldea
86%
Electrode. Which regional form does it have? Hisui
85%
Geodude. Which regional form does it have? Alola
84%
Oricorio. Which regional form does it have? Doesn't have
82%
Corsola. Which regional form does it have? Galar
81%
Sliggoo. Which regional form does it have? Hisui
80%
Wooper. Which regional form does it have? Paldea
73%
Voltorb. Which regional form does it have? Hisui
64%
No matching quizzes found
Score Distribution
Percent of People with Each Score
Percentile by Number Answered
Your Score History
You have not taken this quiz